Central Library OPAC University of Rajshahi

Fundamentals of marketing / (Record no. 76088)

MARC details
000 -LEADER
fixed length control field 00799nam a2200277 a 4500
001 - CONTROL NUMBER
control field 76088
003 - CONTROL NUMBER IDENTIFIER
rucl marc code BD-RjUL
005 - DATE AND TIME OF LATEST TRANSACTION
control field 20211209082804.0
008 - FIXED-LENGTH DATA ELEMENTS--GENERAL INFORMATION
fixed length control field 191025s1978 nyua b 001 0 eng
020 ## - INTERNATIONAL STANDARD BOOK NUMBER
International Standard Book Number 0070608814 :
Terms of availability $7.95
035 ## - SYSTEM CONTROL NUMBER
System control number (BD-RjUL)76308
040 ## - CATALOGING SOURCE
Original cataloging agency DLC
Transcribing agency DLC
Modifying agency DLC
Language of cataloging eng
041 ## - LANGUAGE CODE
Language code of text/sound track or separate title eng
082 00 - DEWEY DECIMAL CLASSIFICATION NUMBER
Classification number 658.8
Edition number 23
Author mark and year STF 1978
100 1# - MAIN ENTRY--PERSONAL NAME
Personal name Stanton, William J.
9 (RLIN) 164017
245 10 - TITLE STATEMENT
Title Fundamentals of marketing /
Statement of responsibility, etc. William J. Stanton.
250 ## - EDITION STATEMENT
Edition statement Fifth edition
260 ## - PUBLICATION, DISTRIBUTION, ETC. (IMPRINT)
Place of publication, distribution, etc. New York :
Name of publisher, distributor, etc. McGraw-Hill,
Date of publication, distribution, etc. c1978.
300 ## - PHYSICAL DESCRIPTION
Pagination xxii, 636 p. :
Illustrations ill. ;
Size 25 cm.
490 0# - SERIES STATEMENT
Series statement McGraw-Hill series in marketing
504 ## - BIBLIOGRAPHY, ETC. NOTE
Bibliography, etc Includes bibliographical references and indexes.
650 #0 - SUBJECT ADDED ENTRY--TOPICAL TERM
Topical term or geographic name as entry element Marketing.
9 (RLIN) 164018
Topical term or geographic name as entry element Marketing
9 (RLIN) 164018
942 ## - ADDED ENTRY ELEMENTS (KOHA)
Source of classification or shelving scheme Dewey Decimal Classification
Koha item type Books
Holdings
Lost status Source of classification or shelving scheme Damaged status Not for loan Collection code Permanent Location Current Location Shelving location Date acquired Source of acquisition Total Checkouts Full call number Date last seen Copy number Koha item type
  Dewey Decimal Classification   Not For Loan Non-fiction Central Library, University of Rajshahi Central Library, University of Rajshahi Reading Room 15/06/1983 Asia Foundation , Sanfrancisco, California U.S.A.   658.8 STF 1978 22/10/2019 C-1 Books
  Dewey Decimal Classification     Non-fiction Central Library, University of Rajshahi Central Library, University of Rajshahi   15/06/1983 Asia Foundation , Sanfrancisco, California U.S.A.   658.8 STF 1978 22/10/2019 C-2 Books
  Dewey Decimal Classification     Non-fiction Central Library, University of Rajshahi Central Library, University of Rajshahi   08/10/1985 Asia Foundation , Sanfrancisco, California U.S.A.   658.8 STF 1978 28/10/2019 C-3 Books